|
|
|
|
| LEADER |
00000nam2a2200000 4500 |
| 001 |
677858 |
| 005 |
20241224125952.0 |
| 090 |
|
|
|a 677858
|
| 100 |
|
|
|a 20241224d1979 k||y0rusy50 ca
|
| 101 |
0 |
|
|a rus
|
| 102 |
|
|
|a LT
|
| 105 |
|
|
|a y z 111yy
|
| 181 |
|
0 |
|a i
|b e
|
| 182 |
|
0 |
|a n
|
| 183 |
|
0 |
|a nc
|2 RDAcarrier
|
| 200 |
0 |
|
|a Ч. 1
|
| 203 |
|
|
|a Текст
|b визуальный
|c непосредственный
|
| 210 |
|
|
|d 1979
|
| 215 |
|
|
|a 120 с.
|
| 283 |
|
|
|a volume
|2 RDAcarrier
|
| 300 |
|
|
|a Конференция посвящена 400-летию Вильнюсского госуниверситета и 75-летию со дня рождения академика АН Лит. ССР А. П. Юциса
|
| 320 |
|
|
|a Авторский указатель: с. 117-119
|
| 461 |
|
1 |
|0 677857
|9 677857
|t Конференция по теории атомов и молекул
|o тезисы докладов, Вильнюс, 31 мая - 2 июня 1979 г.
|f Вильнюсский государственный университет, Институт физики АН Литовской ССР
|c Вильнюс
|n [Б. и.]
|d 1979
|v Ч. 1
|
| 606 |
1 |
|
|a Атомы
|9 53053
|
| 606 |
1 |
|
|a Молекулы
|9 63628
|
| 610 |
1 |
|
|a уровни энергии
|
| 610 |
1 |
|
|a переходы
|
| 610 |
1 |
|
|a вероятность
|
| 610 |
1 |
|
|a процессы
|
| 610 |
1 |
|
|a фотоионизация
|
| 610 |
1 |
|
|a столкновения
|
| 610 |
1 |
|
|a внешние поля
|
| 610 |
1 |
|
|a конференции
|
| 675 |
|
|
|a 539.183(063)
|v 4
|
| 675 |
|
|
|a 539.19(063)
|v 4
|
| 801 |
|
0 |
|a RU
|b 63413507
|c 20241224
|
| 830 |
|
|
|a Ретро2024Каталогизация Шило
|
| 850 |
|
|
|a 63413507
|
| 942 |
|
|
|c BK
|